000 00580nam a2200193 a 4500
001 000022157
005 20200930011615.0
008 100917s1999 es 001 0 spa d
020 _a8474327547
040 _aDO-SdBNP
_bspa
_cBNPHU
082 _axxxx
_bB943d
100 1 _aBuonanno, Milly
_945861
245 1 3 _aEl drama televisivo :
_bidentidad y contenidos sociales /
_cMilly Buonanno.
260 _aBarcelona :
_bEditorial Gedisa,
_c1999.
300 _a192 p. ;
_c20 cm.
490 1 _aEstudios de televisión
_v3
830 0 _aEstudios de televisión
_v3
_95765
049 _aBNPD
999 _c21655
_d21655